000 00382 a2200169 4500
001 69611
020 _a8526220519
040 _cAnchieta - Itaigara
100 _aLima, Edy
240 1 0 _aA gente que ia buscar o dia
_lpor
245 1 0 _aA gente que ia buscar o dia
300 _a32
362 0 _a2003
440 1 _aScipione
650 4 _aLiteratura infanto-juvenil
942 _cBK
999 _c69611
_d69611